Music Quiz

Random Music or Singers Quiz
Score 0/20 Timer 05:00
0 Plays Today
Movies Song % Correct
Fantastic Mr. Fox / Indiana Jones and the Last CrusadeMr. Jones
89.7%
Boys Don't Cry / The Gods Must Be Crazy / Cruel IntentionsDon't Be Cruel
86.8%
He Knows You're Alone / The Object of My Affection / Best in Show / My Friend FlickaYou're My Best Friend
76.3%
Black Hawk Down / Ace in the Hole / A Place in the SunBlack Hole Sun
74.3%
Start the Revolution Without Me / Play Misty for Me / Bringing Up BabyStart Me Up
73.6%
The People vs. Larry Flynt / Where the Wild Things Are / Strange DaysPeople Are Strange
68.7%
The Big Hit / Kiss Me Deadly / Friends with Benefits / I Spit on Your Grave / Best in Show / A Shot in the DarkHit Me with Your Best Shot
65.4%
Big Trouble in Little China / Mean Girls / You Don't Mess with the Zohan / Never Cry WolfBig Girls Don't Cry
62.3%
Honey, I Shrunk the Kids / The Last Time I Saw Paris / Death Becomes Her / Last Man Standing / Somebody Up There Likes MeI Saw Her Standing There
58.9%
The Loneliness of the Long Distance Runner / Walking Tall / When Harry Met SallyLong Tall Sally
57.8%
Movies Song % Correct
Radio Days / Live Free or Die Hard / Who Is Killing the Great Chefs of Europe?Radio Free Europe
48.9%
Come Back to the Five and Dime, Jimmy Dean, Jimmy Dean / I'm Dancing as Fast as I CanCome Dancing
46.8%
She's the One / Jingle All the Way / Stop! Or My Mom Will Shoot / Die Another DayOne Way or Another
45.8%
She's Having a Baby / He's Just Not That Into You / The Man Who Wasn't ThereShe's Not There
42.1%
It's a Mad Mad Mad Mad World / So I Married an Axe Murderer / Earth Girls Are EasyIt's So Easy
33.5%
More American Graffiti / Today We Live / Stranger Than Paradise / Born YesterdayMore Today Than Yesterday
31.5%
Play It Again, Sam / This Must Be the Place / The Man Who Would Be King / What's Love Got to Do with It?It Must Be Love
29.6%
Along the Great Divide / Something Wicked This Way Comes / There's Something About MaryAlong Comes Mary
29.2%
He's Just Not That Into You / Some Like It Hot / Honey I Blew Up the KidJust Like Honey
21.5%
Things to Do in Denver When You're Dead / I'm Gonna Git You Sucka / Little Miss Sunshine / Stand by MeYou're Gonna Miss Me
21%
Remove Ads.
Support Sporcle.
Get the best of Sporcle when you Go Orange. This ad-free experience offers more features, more stats, and more fun while also helping to support Sporcle. Thank you for becoming a member.

You're not logged in!

Compare scores with friends on all Sporcle quizzes.
OR
Log In

Show Comments

Extras

Top Quizzes Today


Score Distribution

Your Account Isn't Verified!

In order to create a playlist on Sporcle, you need to verify the email address you used during registration. Go to your Sporcle Settings to finish the process.

Report this User

Report this user for behavior that violates our Community Guidelines.

Details: